000
00287nam a22000977a 4500
005
20250901165331.0
008
210312b ||||| |||| 00| 0 eng d
050
_a
TK7815
245
_a
Fundamentals of electronics (VOLUME 1)
_c
OWEN, GEORGE E.
942
_2
lcc
_h
TK7815 .L46 1966
999
_c
2317
_d
2317